Puteaux - Choix multiples - Statistiques

Statistiques générales
  • Ce quiz a été pris 46 fois
  • Le résultat moyen est 7 sur 10
Statistiques - réponses
Question Réponse % Correct
Quel nom porte le quartier d'affaires qui occupe une part importante du territoire de Puteaux ? La Défense
100%
Quel nom porte le centre commercial de Puteaux, le plus visité de France ? Les Quatre Temps
93%
Qu'est-ce qui marque la courte frontière entre Puteaux et Paris ? Le bois de Boulogne
88%
Quelle ligne du métro parisien dessert deux arrêts à Puteaux ?
86%
Lequel de ces bâtiments est The Link, le plus haut gratte-ciel de France situé dans le quartier d'affaires de Puteaux et culminant à 244 mètres ?
76%
Quelle famille est à la tête de la mairie de Puteaux depuis 1969 ? Les Ceccaldi-Raynaud
74%
De quel Président la construction de la Grande Arche de Puteaux était-elle l'un des nombreux grands travaux ? François Mitterrand
55%
Quel film de Luc Besson se déroule en partie à Puteaux ? Nikita
38%
Quelle fleur, dont on trouve encore une plantation au cœur du parc Lebaudy, était cultivée à Puteaux jusqu'à la révolution industrielle ? La rose
33%
Laquelle de ces affirmations au sujet de l'île de Puteaux est fausse ? Elle ne se situe pas sur le territoire putéolien.
24%
Aucun quiz correspondant
Distribution des résultats
% des personnes avec chaque résultat
Percentile par nombre de réponses
Votre historique - résultats
Vous n’avez pas pris ce quiz